LIBRARY & INFORMATION CENTRE, KCAET, TAVANUR

ONLINE PUBLIC ACCESS CATALOGUE (OPAC)

Handbook of containing the Kerala Government servants medical rules 1960 (Record no. 16367)

MARC details
000 -LEADER
fixed length control field 00280nam a22000977a 4500
003 - CONTROL NUMBER IDENTIFIER
control field OSt
008 - FIXED-LENGTH DATA ELEMENTS--GENERAL INFORMATION
fixed length control field 201013b ||||| |||| 00| 0 eng d
100 ## - MAIN ENTRY--AUTHOR NAME
Personal name Ramakrishna Pillai, C. P
245 ## - TITLE STATEMENT
Title Handbook of containing the Kerala Government servants medical rules 1960
942 ## - ADDED ENTRY ELEMENTS (KOHA)
Koha item type Books
Holdings
Withdrawn status Lost status Damaged status Home library Current library Shelving location Date acquired Accession Number Koha item type
    Damaged KAUAET KAUAET Binding Shelf 13/10/2020 13599 Books
free website counter